[Event "Challenge"]
[Site "http://www.queenalice.com/game.php?id=115862"]
[Date "2006.10.11"]
[Round "-"]
[White "TomBishop"]
[Black "jorgesadala"]
[Result "0-1"]
[WhiteElo "1351"]
[BlackElo "1100"]

1. e4 e5 2. c3 d6 3. d4 exd4 4. cxd4 f6 5. d5 Bd7 6. Nc3 a6 7. Nf3 h6 8. Bd3 Be7
9. O-O Bg4 10. Re1 Nd7 11. h3 Bxf3 12. Qxf3 Ne5 13. Qe3 g5 14. Be2 h5 15. f4
gxf4 16. Qxf4 h4 17. Be3 Qd7 18. Bd4 O-O-O 19. Bxe5 fxe5 20. Qd2 Kb8 21. Reb1
Nf6 22. Qd3 Rhg8 23. a4 Rg3 24. Qd2 Qxh3 25. Kf2 Qxg2+ 26. Ke1 Qh1+ 27. Kf2 Rdg8
28. Rxh1 Rg2+ 29. Kf1 h3 30. Rxh3 Rg1+ 31. Kf2 Rxa1 32. b4 Rag1 33. Ke3 Nd7 34.
b5 Bg5+ 35. Kd3 Bxd2 36. Kxd2 axb5 37. Bxb5 R1g2+ 38. Kc1 Nc5 39. a5 Rf2 40. Rh1
Rgg2 41. Rd1 Nb3+ 0-1

[Event "Challenge"]
[Site "http://www.queenalice.com/game.php?id=116212"]
[Date "2006.10.12"]
[Round "-"]
[White "oaoj"]
[Black "jorgesadala"]
[Result "0-1"]
[WhiteElo "1601"]
[BlackElo "1426"]

1. e4 e5 2. Nf3 d6 3. Nc3 Nc6 4. Bc4 Nf6 5. b3 a6 6. O-O b5 7. Be2 Be7 8. d4
exd4 9. Nxd4 Nxd4 10. Qxd4 c5 11. Qe3 b4 12. Na4 Bd7 13. Nb2 O-O 14. Bd2 Re8 15.
Qg3 Nxe4 16. Qd3 Nxd2 17. Qxd2 Bf6 18. Rab1 Qa5 19. Bc4 Be6 20. Qxd6 Red8 21.
Qf4 Rd4 22. Qe3 Rad8 23. Bd3 h6 24. Rbc1 Qc7 25. c3 Bg5 26. Qf3 Rf4 27. Qe2 a5
28. cxb4 Rxb4 29. Rce1 Bf4 30. g3 Bh3 31. gxf4 Kf8 32. Rc1 Qxf4 33. Kh1 Re8 34.
Qh5 Bg4 35. Qxc5+ Kg8 36. Rg1 Bf3+ 37. Rg2 Bxg2+ 38. Kxg2 Qg4+ 39. Kf1 Qh3+ 40.
Kg1 Rg4+ 41. Kh1 Qg2# 0-1

[Event "Challenge"]
[Site "http://www.queenalice.com/game.php?id=118874"]
[Date "2006.10.19"]
[Round "-"]
[White "jorgesadala"]
[Black "TomBishop"]
[Result "1-0"]
[WhiteElo "1570"]
[BlackElo "1296"]

1. e4 f5 2. e5 Nc6 3. d4 d6 4. exd6 cxd6 5. Bb5 Bd7 6. Nf3 e5 7. O-O e4 8. Re1
d5 9. Nfd2 Nf6 10. c3 g5 11. h3 h5 12. Nb3 g4 13. h4 Bd6 14. g3 f4 15. Kg2 fxg3
16. fxg3 Qc7 17. Rf1 Rf8 18. Bh6 Rh8 19. Rxf6 Bxg3 20. Qf1 O-O-O 21. Nc5 Bxh4
22. Bxc6 bxc6 23. Bf4 Qb6 24. Rf7 Qxb2+ 25. Kh1 Qxa1 26. Qa6# 1-0

[Event "Challenge"]
[Site "http://www.queenalice.com/game.php?id=119887"]
[Date "2006.10.22"]
[Round "-"]
[White "jorgesadala"]
[Black "oaoj"]
[Result "0-1"]
[WhiteElo "1459"]
[BlackElo "1445"]

1. e4 e5 2. d3 d5 3. exd5 Nf6 4. c4 Bd7 5. b3 c6 6. dxc6 Bxc6 7. Nf3 Bb4+ 8.
Nbd2 Qe7 9. a3 Bc3 10. Ra2 Na6 11. Be2 O-O 12. O-O Rad8 13. h3 b5 14. b4 bxc4
15. Nxc4 e4 16. Nh2 Qb7 17. Nb2 exd3 18. Nxd3 Bxg2 19. Bf3 Bxf3 20. Nxf3 Nd5 21.
Bb2 Rd6 22. Qc2 Rg6+ 23. Kh1 Ndxb4 24. axb4 Qxf3+ 25. Kh2 Qg2# 0-1

[Event "Challenge"]
[Site "http://www.queenalice.com/game.php?id=120026"]
[Date "2006.10.22"]
[Round "-"]
[White "Henriface"]
[Black "jorgesadala"]
[Result "1-0"]
[WhiteElo "1608"]
[BlackElo "1595"]

1. e4 e5 2. Nf3 d6 3. Bc4 Nf6 4. Ng5 d5 5. exd5 Nxd5 6. Nxf7 Kxf7 7. Qf3+ Ke6 8.
Nc3 c6 9. d4 Bb4 10. Bd2 Bxc3 11. Bxc3 Rf8 12. Qe4 Rf5 13. g4 Rf8 14. Qxe5+ Kf7
15. O-O-O b5 16. Bxd5+ cxd5 17. Bb4 Re8 18. Qh5+ Kg8 19. Rhe1 Rxe1 20. Rxe1 Bd7
21. Ba5 Qf6 22. Qxd5+ Kh8 23. Qxa8 Qf4+ 24. Bd2 Qf8 25. Qxa7 Bxg4 26. Bb4 Qf4+
27. Kb1 Bh5 28. Qe7 h6 29. Bd6 Qd2 30. Qf8+ Kh7 31. Rc1 Qxd4 32. Bxb8 b4 33.
Qf5+ Bg6 34. Qf3 h5 35. Qe3 Qd8 36. Qa7 Qf8 37. Be5 Bf7 38. Rd1 Qg8 39. Rd7 Kh6
40. Rxf7 Kg6 41. Rxg7+ Qxg7 42. Qxg7+ Kf5 43. Qf6+ Ke4 44. Bd4 b3 45. axb3 h4
46. Qxh4+ Kd5 47. c4+ Kc6 48. Qf6+ Kd7 49. c5 Kc7 50. c6 Kc8 51. Qe7 Kb8 52.
Qb7# 1-0

[Event "Challenge"]
[Site "http://www.queenalice.com/game.php?id=120031"]
[Date "2006.10.22"]
[Round "-"]
[White "Henriface"]
[Black "jorgesadala"]
[Result "1-0"]
[WhiteElo "1602"]
[BlackElo "1530"]

1. e4 e5 2. Nf3 f6 3. Nc3 d6 4. d4 Nd7 5. d5 a6 6. a4 b6 7. Be3 Bb7 8. b4 a5 9.
b5 Ne7 10. Bd3 g6 11. g4 Bg7 12. h4 O-O 13. g5 fxg5 14. Nxg5 Qe8 15. Ne6 Rc8 16.
Nxf8 Qxf8 17. Qg4 Nf6 18. Qg5 Bh6 19. Qxh6 Qxh6 20. Bxh6 Ng4 21. Be3 Nxe3 22.
Kd2 Ng4 23. f3 Nf2 24. Rh2 Nxd3 25. Kxd3 Rf8 26. Rf1 Bc8 27. h5 Bg4 28. hxg6
Nxg6 29. Ke2 Rxf3 30. Rxf3 Bxf3+ 31. Kxf3 Kg7 32. Ne2 Ne7 33. Ng3 Nc8 34. Nf5+
Kg8 35. Kg4 Kh8 36. Kg5 Na7 37. Kf6 Nxb5 38. axb5 a4 39. Ke7 a3 40. c3 c6 41.
dxc6 d5 42. exd5 e4 43. Ra2 e3 44. Rxa3 e2 45. Ra1 h6 46. Kf6 Kh7 47. Re1 h5 48.
Rxe2 h4 49. Re7+ Kg8 50. c7 h3 51. c8=R# 1-0

[Event "Challenge"]
[Site "http://www.queenalice.com/game.php?id=120037"]
[Date "2006.10.22"]
[Round "-"]
[White "AAmorim"]
[Black "jorgesadala"]
[Result "1/2-1/2"]
[WhiteElo "1560"]
[BlackElo "1413"]

1. e4 e5 2. Nf3 d6 3. Nc3 Nf6 4. Bc4 a6 5. O-O Bg4 6. d3 b5 7. Bb3 Nc6 8. Bd5
Bd7 9. Bg5 h6 10. Bxc6 Bxc6 11. Bxf6 Qxf6 12. Qd2 O-O-O 13. d4 Bb7 14. d5 g5 15.
h3 Rg8 16. Rad1 g4 17. hxg4 Rxg4 18. Rfe1 Qg6 19. Nh2 Rxg2+ 20. Kh1 h5 21. Rg1
Rxg1+ 22. Rxg1 Qh7 23. f4 Bh6 24. Ne2 Qxe4+ 25. Rg2 Bxd5 26. Nc3 Qxg2+ 27. Qxg2
Bxg2+ 28. Kxg2 Bxf4 29. Nf3 f6 30. Nd5 Rg8+ 31. Kf2 Rf8 32. Nh4 Kd7 33. Ng6 Rg8
34. Nxf6+ Kc6 35. Nxg8 a5 36. Nxf4 exf4 37. Kf3 Kc5 38. Kxf4 Kd4 39. Nf6 c5 40.
Nxh5 d5 41. c3+ Kd3 42. Ke5 d4 43. Nf4+ Kc2 44. cxd4 cxd4 45. Kxd4 Kxb2 46. Nd3+
Kxa2 47. Kc3 b4+ 48. Nxb4+ axb4+ 49. Kxb4 Kb2 1/2-1/2

[Event "Challenge"]
[Site "http://www.queenalice.com/game.php?id=120252"]
[Date "2006.10.23"]
[Round "-"]
[White "Narz"]
[Black "jorgesadala"]
[Result "1-0"]
[WhiteElo "1685"]
[BlackElo "1483"]

1. e4 e5 2. Nf3 d6 3. Bc4 Nf6 4. Nc3 h6 5. d4 exd4 6. Nxd4 Qe7 7. O-O Kd8 8. Re1
Be6 9. Nxe6+ fxe6 10. e5 Nfd7 11. exd6 Qxd6 12. Bxe6 Qxd1 13. Rxd1 Be7 14. Nd5
c6 15. Nf4 g5 16. Ng6 Rh7 17. Be3 Ke8 18. Rd3 Bc5 19. Re1 Be7 20. Bd4 Nf6 21.
Bxf6 Rf7 22. Bxe7 Rxe7 23. Bd7+ Nxd7 24. Rxe7+ Kd8 25. Rdxd7+ Kc8 26. Nf8 1-0

[Event "Challenge"]
[Site "http://www.queenalice.com/game.php?id=122543"]
[Date "2006.10.28"]
[Round "-"]
[White "jorgesadala"]
[Black "Malkmus"]
[Result "0-1"]
[WhiteElo "1425"]
[BlackElo "1433"]

1. e4 d5 2. exd5 Qxd5 3. Nc3 Qe6+ 4. Be2 Qg6 5. g3 Bf5 6. Nf3 Bxc2 7. Bb5+ c6 8.
Qe2 cxb5 9. Qxb5+ Nc6 10. Ne5 Qe6 11. O-O Bd3 12. Nxd3 Rd8 13. Re1 Qc8 14. Ne5
a6 15. Qe2 Nd4 16. Qd3 f6 17. Ng4 Qxg4 18. Re4 Nf3+ 19. Kh1 Qh3 20. Rh4 Nxh4 21.
Qxd8+ Kxd8 22. gxh4 Qf1# 0-1

[Event "Challenge"]
[Site "http://www.queenalice.com/game.php?id=123287"]
[Date "2006.10.30"]
[Round "-"]
[White "jorgesadala"]
[Black "rxyzw"]
[Result "0-1"]
[WhiteElo "1413"]
[BlackElo "1859"]

1. e4 c5 2. d4 cxd4 3. Qxd4 Nc6 4. Qd1 Nf6 5. f3 d6 6. Bb5 Bd7 7. Ne2 a6 8. Bxc6
Bxc6 9. O-O g6 10. h3 Bg7 11. Be3 Qc7 12. Nd4 O-O 13. c3 Bd7 14. Na3 b5 15. b4
Qxc3 16. Nac2 Rfc8 17. Rf2 a5 18. Bd2 Qc7 19. bxa5 e5 20. Nb3 Qxc2 21. Bb4 Qxd1+
22. Rxd1 Ne8 23. Bxd6 Nxd6 24. Rxd6 Be6 25. Kh2 Bf8 26. Rb6 Bxb3 27. axb3 Bc5
28. Rc2 Bxb6 29. Rxc8+ Rxc8 30. axb6 Rb8 31. Kg3 Rxb6 32. Kg4 f6 33. b4 Rc6 34.
Kg3 Rc4 35. h4 Rxb4 36. Kg4 h5+ 37. Kh3 Rd4 38. g4 hxg4+ 39. Kxg4 b4 40. h5 Kg7
41. hxg6 Kxg6 42. Kg3 Kg5 43. Kf2 Kf4 44. Ke2 Rd8 45. Kf2 Rd2+ 46. Ke1 Ke3 47.
Kf1 Kxf3 48. Ke1 Ke3 49. Kf1 b3 50. Ke1 b2 51. Kf1 b1=R# 0-1

[Event "Challenge"]
[Site "http://www.queenalice.com/game.php?id=125299"]
[Date "2006.11.4"]
[Round "-"]
[White "rxyzw"]
[Black "jorgesadala"]
[Result "1-0"]
[WhiteElo "1924"]
[BlackElo "1393"]

1. e4 e5 2. Nf3 d6 3. Bb5+ c6 4. Ba4 b5 5. Bb3 Nf6 6. d3 a5 7. a4 b4 8. h3 h6 9.
c3 c5 10. Be3 Nc6 11. Nbd2 Ba6 12. Bc4 Be7 13. Bxa6 Rxa6 14. Nc4 O-O 15. Qd2 Qb8
16. O-O Nh7 17. Nh2 Qd8 18. f4 exf4 19. Bxf4 g5 20. Be3 f6 21. Qe2 bxc3 22. bxc3
d5 23. exd5 Qxd5 24. Nf3 Ne5 25. Nfxe5 fxe5 26. Rxf8+ Bxf8 27. Bf2 Bg7 28. Rb1
e4 29. dxe4 Qc6 30. e5 Qxa4 31. Rb8+ Nf8 32. e6 Bf6 33. e7 Bxe7 34. Qxe7 Qd1+
35. Kh2 Re6 36. Rxf8# 1-0

[Event "Challenge"]
[Site "http://www.queenalice.com/game.php?id=125796"]
[Date "2006.11.6"]
[Round "-"]
[White "oaoj"]
[Black "jorgesadala"]
[Result "0-1"]
[WhiteElo "1449"]
[BlackElo "1491"]

1. d4 d5 2. Nc3 c6 3. e4 dxe4 4. Nxe4 e5 5. Be3 exd4 6. Bxd4 f6 7. Qe2 Be7 8.
Rd1 Bd7 9. Bc5 b6 10. Bd4 c5 11. Be3 Nc6 12. g3 Qc7 13. Bg2 Nh6 14. Bf4 Ne5 15.
b3 g5 16. Qh5+ Nhf7 17. Bxe5 Qxe5 18. Qe2 g4 19. f3 f5 20. Nf2 Qc3+ 21. Rd2 Qa1+
22. Nd1 Qf6 23. fxg4 Rd8 24. Ne3 fxg4 25. Nd5 Qe5 26. Be4 Bc6 27. Nc3 Bxe4 28.
Nxe4 Rxd2 29. Kxd2 h5 30. Qb5+ Kf8 31. Qc6 Qd4+ 32. Kc1 Kg7 33. Ne2 Qa1+ 34. Kd2
Qxh1 35. Nf4 Ne5 36. Qb7 Re8 37. Nd5 Qxe4 38. Kc1 Kh6 39. Kb1 Bg5 40. h4 Qe1+
41. Kb2 Qc1+ 42. Kc3 Bd2# 0-1

[Event "Challenge"]
[Site "http://www.queenalice.com/game.php?id=125874"]
[Date "2006.11.6"]
[Round "-"]
[White "AAmorim"]
[Black "jorgesadala"]
[Result "1-0"]
[WhiteElo "1472"]
[BlackElo "1393"]

1. e4 e5 2. f4 d6 3. Nf3 exf4 4. d3 g5 5. Nc3 h6 6. d4 Bg7 7. Bb5+ c6 8. Bc4 Be6
9. d5 Bg4 10. dxc6 Nxc6 11. Bb5 Bxc3+ 12. bxc3 Ne7 13. Ba3 Nc8 14. e5 a6 15.
Bxc6+ bxc6 16. exd6 Bxf3 17. Qxf3 Ra7 18. Qxc6+ Rd7 19. Qxa6 Nxd6 20. O-O-O Qc8
21. Rxd6 Qxa6 22. Rxa6 f5 23. Rd1 Rxd1+ 24. Kxd1 Kf7 25. c4 h5 26. Ra5 Kg6 27.
c5 g4 28. c6 Rc8 29. Ra6 h4 30. c7+ Kg5 31. Bd6 f3 32. gxf3 gxf3 33. Ke1 Kg4 34.
Kf2 Kh3 35. Kxf3 f4 36. Rb6 Rxc7 37. Kxf4 Rxc2 38. a4 Rf2+ 39. Ke3 Ra2 40. Ra6
Ra1 41. a5 Re1+ 42. Kd4 Rd1+ 43. Kc5 Rc1+ 44. Kb6 Rd1 45. Kc7 Rc1+ 46. Kd7 Ra1
47. Ra8 Ra4 48. a6 Rd4 49. a7 Ra4 50. Kc8 Rc4+ 51. Bc7 Ra4 52. Rb8 Rxa7 53. Rb3+
Kg2 54. Kb8 Ra2 55. Kb7 Rc2 56. Kb6 Rxc7 57. Kxc7 Kxh2 58. Rb2+ Kg1 59. Kd6 h3
60. Ke5 h2 61. Kf4 h1=Q 62. Kg3 Qe4 63. Rb1+ Qe1+ 64. Rxe1# 1-0

[Event "Challenge"]
[Site "http://www.queenalice.com/game.php?id=126825"]
[Date "2006.11.8"]
[Round "-"]
[White "fabianocsk"]
[Black "jorgesadala"]
[Result "0-1"]
[WhiteElo "911"]
[BlackElo "1393"]

1. e4 e5 2. Bb5 c6 3. Bc4 Nf6 4. h4 h5 5. Nf3 Nxe4 6. Nxe5 Nd6 7. Nxf7 Nxf7 8.
Qe2+ Be7 9. Qf3 Bf6 10. Rh3 d5 11. Bd3 Bxh3 12. gxh3 Qe7+ 13. Be4 dxe4 14. Qb3
Na6 15. a4 O-O 16. Qg3 Bxh4 17. Qg6 Qd7 18. Qh7+ Kxh7 19. b4 Qd4 20. Ra3 Qxf2+
21. Kd1 Qf1# 0-1

[Event "Challenge"]
[Site "http://www.queenalice.com/game.php?id=136448"]
[Date "2006.12.3"]
[Round "-"]
[White "AAmorim"]
[Black "jorgesadala"]
[Result "0-1"]
[WhiteElo "1495"]
[BlackElo "1413"]

1. d4 d5 2. Nc3 Nf6 3. Bg5 e6 4. e3 Be7 5. Bf4 O-O 6. Nf3 c5 7. Qd3 c4 8. Qd2
Bb4 9. b3 b5 10. bxc4 bxc4 11. a3 Qa5 12. Qc1 Bxc3+ 13. Kd1 Bxa1 14. Qxa1 Ne4
15. Kc1 Nxf2 16. Rg1 Nc6 17. Bg3 Ne4 18. Ne5 Qd2+ 19. Kb2 Rb8+ 20. Ka2 Qxc2+ 21.
Qb2 Qxb2# 0-1

[Event "Challenge"]
[Site "http://www.queenalice.com/game.php?id=136449"]
[Date "2006.12.3"]
[Round "-"]
[White "jorgesadala"]
[Black "AAmorim"]
[Result "1-0"]
[WhiteElo "1466"]
[BlackElo "1545"]

1. e4 e5 2. Nf3 d6 3. Bb5+ c6 4. Ba4 b5 5. Bb3 Bg4 6. h3 Bxf3 7. Qxf3 Nf6 8. g4
d5 9. d3 dxe4 10. dxe4 c5 11. a3 c4 12. Ba2 Qd7 13. O-O Qd4 14. Rd1 Qxe4 15.
Qxe4 Nxe4 16. Rd5 Nd7 17. Rxb5 Bc5 18. Bxc4 Nxf2 19. b4 Nxh3+ 20. Kh2 Bxb4 21.
Rxb4 Nf4 22. Nc3 a5 23. Rb3 O-O 24. Bxf4 exf4 25. Rf1 g5 26. Ne4 h6 27. Bb5 Ne5
28. Kh3 f5 29. gxf5 Rxf5 30. Re1 g4+ 31. Kh4 g3 32. Nxg3 fxg3 33. Kxg3 Rg5+ 34.
Kh4 Rc8 35. c4 Rd8 36. Re4 Rd1 37. Rxe5 Rxe5 38. Rg3+ Kh7 39. a4 Rh1+ 40. Kg4
Rg5+ 41. Kf3 Rxg3+ 42. Kxg3 Rg1+ 43. Kh2 Rg5 44. Kh3 Kg6 45. Kh4 Kf5 46. Bd7+
Kf4 47. Be8 Rg1 48. Kh3 Kf3 49. Bc6+ Kf2 50. Kh4 Rb1 51. Kh5 Rb4 52. Bb5 Ke3 53.
Kxh6 Kd4 54. Kg6 Kc5 55. Kf5 Rb1 56. Ke6 Rd1 57. Ke5 Re1+ 58. Kf5 Kb4 59. Kf6
Rf1+ 60. Ke6 Re1+ 61. Kd5 Rd1+ 62. Kc6 Rd8 63. Kc7 Rd4 64. Kb6 Rd1 65. c5 Rd5
66. c6 Rd6 67. Kb7 Rxc6 68. Kxc6 Kb3 69. Kb6 Kb4 70. Ka6 Kc5 71. Kxa5 Kd6 72.
Kb6 Ke7 73. a5 Kd8 74. a6 Kc8 75. a7 1-0

[Event "Challenge"]
[Site "http://www.queenalice.com/game.php?id=136865"]
[Date "2006.12.4"]
[Round "-"]
[White "lolothebest"]
[Black "jorgesadala"]
[Result "0-1"]
[WhiteElo "1637"]
[BlackElo "1372"]

1. e4 e5 2. Qf3 f6 3. Nc3 Nc6 4. Nd5 Nd4 5. Qc3 c6 6. Ne3 a5 7. Nf5 Nxf5 8. exf5
Bb4 9. Qc4 d5 10. Qg4 Qe7 11. c3 Nh6 12. Qh5+ Nf7 13. cxb4 axb4 14. Nf3 b3 15.
a4 Qb4 16. Qh4 e4 17. Qg4 O-O 18. h4 h5 19. Qxh5 exf3 20. gxf3 Qe7+ 21. Kd1 Re8
22. Qg6 Qe1# 0-1

[Event "Challenge"]
[Site "http://www.queenalice.com/game.php?id=139177"]
[Date "2006.12.9"]
[Round "-"]
[White "lolothebest"]
[Black "jorgesadala"]
[Result "0-1"]
[WhiteElo "1469"]
[BlackElo "1442"]

1. e4 e5 2. Qf3 f6 3. b3 Nc6 4. Ba3 Bxa3 5. Be2 Bb2 6. Qg3 g6 7. f4 Qe7 8. f5
gxf5 9. Bc4 Nh6 10. c3 Na5 11. Be2 Rg8 12. Qh3 Ng4 13. exf5 Bxa1 14. Bxg4 d5 15.
Bh5+ Kd8 16. Ne2 d4 17. Qd3 Rg5 18. Bf3 Bxf5 19. Be4 Bxe4 20. Qb5 b6 21. d3 Bc6
22. Qb4 Qxb4 23. cxb4 Nb7 24. Rf1 Rg6 25. Nd2 Bxg2 26. Rg1 Kd7 27. Nc4 Rag8 28.
Kd2 Nd6 29. Rxa1 Nxc4+ 30. Kc2 Ne3+ 31. Kd2 Bf3 32. Rc1 Rg2 33. Re1 Rxh2 34. a4
Rgg2 0-1

[Event "Challenge"]
[Site "http://www.queenalice.com/game.php?id=145386"]
[Date "2006.12.23"]
[Round "-"]
[White "AAmorim"]
[Black "jorgesadala"]
[Result "0-1"]
[WhiteElo "1612"]
[BlackElo "1509"]

1. e4 e5 2. Nf3 f6 3. Nc3 Nc6 4. Bc4 d6 5. d3 Nge7 6. O-O Bg4 7. h3 Bxf3 8. Qxf3
Nd4 9. Qd1 Qd7 10. Be3 Nec6 11. f4 O-O-O 12. Nd5 a6 13. Bxd4 Nxd4 14. c3 Ne6 15.
a4 h6 16. f5 Nc5 17. d4 Nxe4 18. dxe5 dxe5 19. Qf3 Nd6 20. Be2 Kb8 21. Ra3 Nc4
22. Ra2 Nd2 23. Qd3 Nxf1 24. Bxf1 Qxd5 25. Qxd5 Rxd5 26. c4 Rd1 27. b3 Bc5+ 28.
Kh2 Rxf1 0-1